000 00689nam a2200205Ia 4500
001 15335
003 GE_BSU
008 181216s||||||||xx |||||||||||||| ||und||
040 _cGE_BSU
080 _a821.353.1-1
245 _aქართველი მწერლები პოლონეთს
245 _bკრებული
260 _aთბილისი
260 _bსაბჭ. საქართველო
260 _c1959
300 _a88გვ.20სმ.
520 _aგაშლილი თავფურც. პოლონურ ენაზე
653 _aქართველი მწერლები პოლონეთს
942 _cBK
999 _c48443
_d48443